| 000 | 01128nam1a22002531i 4500 | ||
|---|---|---|---|
| 001 | v19\rc\1802760 | ||
| 005 | 20240726044311.0 | ||
| 035 | _a(NLR Aleph) 004904437 | ||
| 090 |
_a5410205 _c5410205 |
||
| 100 | _a20071224f19001909|||y0rusy50 ca | ||
| 101 | 1 |
_arus _cger |
|
| 102 | _aRU | ||
| 105 | _a z ||||| | ||
| 200 | 1 |
_aИстория евреев от древнейших времен до настоящего _fД-р Генрих Гретц, проф. Бресл. ун-та, почет. чл. Королев. Исп. акад. истории Мадрида и Ист. о-ва Техаса _gПер. с 4-го испр. и значит. доп. нем. изд. под ред. д-ра Вениамина Шершеневского |
|
| 210 |
_aОдесса _cКн. маг. Шерман _d190? |
||
| 215 | _d25 | ||
| 300 | _aНа обл. авт. не указан | ||
| 700 | 1 |
_aГрец _bГ. _f1817-1891 _gГенрих |
|
| 702 | 1 |
_aШершеневский _bВ. _gВениамин _4340 |
|
| 801 | 0 |
_aRU _bNLR _gpsbo |
|
| 801 | 1 |
_aRU _bProSoft-M _2rusmarc |
|
| 852 |
_aNLR _j84-7/829 |
||
| 852 |
_aNLR _bМф _jК1/19076 |
||
| 942 | _cBOOK | ||